Migración y trata: la aplicación de los derechos humanos /
محفوظ في:
| المؤلف الرئيسي: | |
|---|---|
| التنسيق: | نص |
| الموضوعات: | |
| الوسوم: |
إضافة وسم
لا توجد وسوم, كن أول من يضع وسما على هذه التسجيلة!
|
MARC
| LEADER | 00000 a a2200000 04500 | ||
|---|---|---|---|
| 001 | 9704 | ||
| 003 | |||
| 040 | |||
| 100 | |a Win Myint, Nikolas | ||
| 245 | |a Migración y trata: la aplicación de los derechos humanos / |c Nikolas Win Myint | ||
| 650 | |a ESCLAVITUD | ||
| 650 | |a TRABAJO FORZADO | ||
| 650 | |a PERSONAS DESPLAZADAS | ||
| 650 | |a MIGRACION | ||
| 650 | |a DERECHOS HUMANOS | ||
| 650 | |a MYANMAR | ||
| 773 | |g número 30; páginas 38-39 | ||
| 999 | |c 27447 |d 27447 | ||
| 773 | 0 | |0 19267 |9 6779 |a Centro de Estudios sobre Refugiados |d Universidad de Oxford ; Centro de Estudios sobre Refugiados |o 05375 |t Migraciones Forzadas: |x 14609819 | |
